LEADER 01368nam1 2200433 450 001 990000584280203316 010 $a84-306-3997-7 035 $a0058428 035 $aUSA010058428 035 $a(ALEPH)000058428USA01 035 $a0058428 100 $a20010725d1976----km-y0itay0103----ba 101 $aspa 102 $aES 105 $a||||||||001yy 200 1 $a<> exilio espanol de 1939$fobra dirigida por José Luis Abellan 210 $aMadrid$cTaurus$d1976-1978 215 $a6 v.$d21 cm 225 2 $aBiblioteca politica Taurus$v33-34, 36-37, 40-41 410 $12001$aBiblioteca politica Taurus$v33-34, 36-37, 40-41 461 1$1001-------$12001 606 0 $aSpagna$xStoria$xGuerra civile$z1936-1939 606 0 $aEmigranti politici$ySpagna$z1939 676 $a946.081 702 1$aABELLAN,$bJosé Luis 801 0$aIT$bsalbc$gISBD 912 $a990000584280203316 951 $aIIsp A COLL 25$bLM$cIIsp A COLL 959 $aBK 969 $aUMA 979 $aPATTY$b90$c20010725$lUSA01$h1128 979 $aPATTY$b90$c20010725$lUSA01$h1130 979 $aPATTY$b90$c20010725$lUSA01$h1133 979 $aPATTY$b90$c20010726$lUSA01$h0944 979 $c20020403$lUSA01$h1707 979 $aPATRY$b90$c20040406$lUSA01$h1640 979 $aPATRY$b90$c20060908$lUSA01$h1801 996 $aEXILIO español de 1939$9471035 997 $aUNISA LEADER 01229nam--2200397---450- 001 990000520670203316 005 20090327103144.0 010 $a0-7130-4036-X 035 $a0052067 035 $aUSA010052067 035 $a(ALEPH)000052067USA01 035 $a0052067 100 $a20010622d1998----km-y0itay0103----ba 101 0 $aeng 102 $aGB 105 $a||||||||001yy 200 1 $aFairbridge$eempire and child migration$fGeoffrey Sherington and Chris Jeffery 210 $aLondon$cWoburn press$dcopyr. 1998 215 $aXIII, 289 p.$d24 cm 225 2 $aWoburn education series 410 0$12001$aWoburn education series 606 $aFanciulli disadattati$yGran Bretagna$xColonie$xStoria$zSec. 20. 676 $a362.73 700 1$aSHERINGTON,$bGeoffrey$0546022 701 1$aJEFFERY,$bChris$0546023 801 0$aIT$bsalbc$gISBD 912 $a990000520670203316 951 $a362.73 SHE 1 (ISP V 642)$b157578 L.M.$cISP V$d00070428 959 $aBK 969 $aECO 979 $aCHIARA$b40$c20010622$lUSA01$h0959 979 $c20020403$lUSA01$h1701 979 $aPATRY$b90$c20040406$lUSA01$h1636 979 $aRSIAV2$b90$c20090327$lUSA01$h1031 996 $aFairbridge$9886693 997 $aUNISA LEADER 02255nam0 22003493i 450 001 SUN0081054 005 20160129024129.388 010 $a978-88-08-06573-5 100 $a20101210d2009 |0itac50 ba 101 $aita 102 $aIT 105 $a|||| ||||| 200 1 $aMatematica. questione di metodo$ecome affrontare la fatica dello studio e scoprire la bellezza$epreparazione ai corsi universitari$fMarco Bramanti, Giancarlo Travaglini 210 $aBologna$cZanichelli$d2009 215 $aX, 339 p.$d27 cm. 606 $a97-XX$xMathematics education [MSC 2020]$2MF$3SUNC023813 620 $dBologna$3SUNL000003 700 1$aBramanti$b, Marco$3SUNV014057$0284761 701 1$aTravaglini$b, Giancarlo$3SUNV067363$0290836 712 $aZanichelli$3SUNV004332$4650 801 $aIT$bSOL$c20200720$gRICA 856 4 $u/sebina/repository/catalogazione/documenti/Bramanti, Travaglini - Matematica. Questione di metodo.pdf$zContents 912 $aSUN0081054 950 $aUFFICIO DI BIBLIOTECA DEL DIPARTIMENTO DI MATEMATICA E FISICA$d08CONS 97-XX 0535 $e08 8980 I a 20101214 $sBuono 950 $aUFFICIO DI BIBLIOTECA DEL DIPARTIMENTO DI MATEMATICA E FISICA$d08PREST 97-XX 0535 $e08 8981 I b 20101214 $sBuono 950 $aUFFICIO DI BIBLIOTECA DEL DIPARTIMENTO DI MATEMATICA E FISICA$d08PREST 97-XX 0535 $e08 8982 I c 20101214 $sBuono 950 $aUFFICIO DI BIBLIOTECA DEL DIPARTIMENTO DI MATEMATICA E FISICA$d08PREST 97-XX 0535 $e08 8983 I d 20101214 $sBuono 950 $aUFFICIO DI BIBLIOTECA DEL DIPARTIMENTO DI INGEGNERIA$d05CONS D IV 465 $e05UBI227 20161109 950 $aUFFICIO DI BIBLIOTECA DEL DIPARTIMENTO DI INGEGNERIA$d05CONS D AUL I 079 AULARIO $e05UBI228 20161109 950 $aUFFICIO DI BIBLIOTECA DEL DIPARTIMENTO DI INGEGNERIA$d05CONS D AUL I 080 AULARIO $e05UBI229 20161109 996 $aMatematica. questione di metodo$91420130 997 $aUNICAMPANIA